1980s Albums (Easy) - Statistics

General Stats
  • This quiz has been taken 965 times
    875 since last reset
  • The average score is 15 of 20
Answer Stats
Picture Answer % Correct
Thriller - Michael Jackson
99%
Purple Rain - Prince & the Revolution
91%
Born in the U.S.A. - Bruce Springsteen
90%
Whenever You Need Somebody - Rick Astley
87%
Whitney - Whitney Houston
87%
Back in Black - AC/DC
85%
Like a Virgin - Madonna
84%
Make It Big - Wham!
80%
Face Value - Phil Collins
76%
Appetite For Destruction - Guns N' Roses
75%
The Joshua Tree - U2
75%
Master of Puppets - Metallica
73%
Hounds of Love - Kate Bush
67%
Tracy Chapman - Tracy Chapman
66%
Colour By Numbers - Culture Club
65%
Brothers in Arms - Dire Straits
61%
Let's Dance - David Bowie
61%
TOTO IV - TOTO
59%
Escape - Journey
57%
Physical - Olivia Newton-John
55%
No matching quizzes found
Score Distribution
Percent of People with Each Score
Percentile by Number Answered
Your Score History
You have not taken this quiz since the last reset